000 00252nam a22001217a 4500
008 171010b xxu||||| |||| 00| 0 eng d
041 _aeng
080 _a316
100 _a50
101 _aED
245 _aFEMINIST STUDIES
_cBELL/D
942 _2udc
_cBK
999 _c32939
_d32939